Normal view
MARC view
Entry Topical Term
001 - CONTROL NUMBER
- control field: 308836
003 - CONTROL NUMBER IDENTIFIER
- control field: MY-SjTCS
005 - DATE AND TIME OF LATEST TRANSACTION
- control field: 20251216160148.0
008 - FIXED-LENGTH DATA ELEMENTS
- fixed length control field: 251216|| aza||babn | a|a d
040 ## - CATALOGING SOURCE
- Original cataloging agency: MY-SjTCS
- Language of cataloging: eng
- Transcribing agency: MY-SjTCS
- Description conventions: rda
150 ## - HEADING--TOPICAL TERM
- Topical term or geographic name entry element: Quantitative research
- General subdivision: Data processing